| 000 | 00504nam a2200157 a 4500 | ||
|---|---|---|---|
| 001 | 000026694 | ||
| 005 | 20200930030346.0 | ||
| 008 | 110324s1992 dr a 000 p spa d | ||
| 040 |
_aDO-SdBNP _bspa _cBNPHU |
||
| 082 |
_axxx _bR741f |
||
| 100 | 1 |
_aRojo, Teresa Inés _953806 |
|
| 245 | 1 | 0 |
_aFlorecillas avemarianas / _cTeresa Inés Rojo ; presentación Antonio Camilo González. |
| 260 |
_aSanto Domingo : _bEdiciones MSC, _c1992. |
||
| 300 |
_a76 p. ; _c18 cm. |
||
| 700 | 1 |
_aGonzález, Antonio Camilo _953807 |
|
| 999 |
_c26186 _d26186 |
||